|
|
|
|
| LEADER |
00000nam a2200000 i 4500 |
| 001 |
1/73992 |
| 008 |
050321r2000 eng d |
| 020 |
|
|
|a 085199282X (pbk.)
|c USD 45.00
|
| 020 |
|
|
|a 0-85199-282-X
|
| 035 |
|
|
|l 10077249
|
| 040 |
|
|
|a GR-MY-UA
|b gre
|e aacr
|
| 041 |
0 |
|
|a eng
|
| 082 |
0 |
|
|a 338.4791
|2 (21)
|
| 245 |
1 |
0 |
|a Strategic management in tourism /
|c επιμέλεια: Luiz Moutinho
|
| 260 |
|
|
|a Wallingford, Oxon, UK :
|a New York, NY, USA :
|b CABI,
|c 2000
|
| 300 |
|
|
|a x, 349 σ.;
|b πίν., σχ.;
|c 24, 5 εκ.
|
| 504 |
|
|
|a Περιλαμβάνει βιβλιογραφία και ευρετήριο
|
| 650 |
0 |
0 |
|a Tourism
|x Management.
|
| 700 |
1 |
|
|a Moutinho, Luiz.
|4 edt
|
| 852 |
|
|
|a INST
|b CHIOS
|e 20050321
|h 338.4791 STR
|p 005200022189
|q 005200022189
|t BK
|y 0
|
| 901 |
|
|
|a BIBL2-2005-1
|
| 909 |
|
|
|a Χ
|b 116629
|
| 922 |
|
|
|a 2ΕΛΗ
|b 200411
|c ΤΔΕ
|d ΜΙΧΑΛΟΠΟΥΛΟΣ
|
| 950 |
|
|
|a 112-2004-10-05
|
| 970 |
|
|
|a ΧΑΖΙΡΗ
|b ΑΝΝΑ
|z 2005/04/13
|